Highest 200k Cities in the Americas - Statistics

General Stats
  • This quiz has been taken 16 times
    9 since last reset
  • The average score is 24 of 40
Answer Stats
Country Population Elevation (m) Elevation (ft) Answer % Correct
Colombia 8,034,649 2,624 8,612 Bogotá
100%
United States 478,961 1,839 6,035 Colorado Springs
100%
United States 716,577 1,609 5,280 Denver
100%
Bolivia 755,732 3,649 11,975 La Paz
100%
Mexico 1,721,199 1,815 5,955 León de los Aldama
100%
Ecuador 1,763,275 2,849 9,350 Quito
100%
Bolivia 360,544 2,790 9,154 Sucre
100%
Mexico 948,990 1,887 6,194 Aguascalientes
75%
United States 564,559 1,619 5,312 Albuquerque
75%
Peru 1,008,290 2,335 7,661 Arequipa
75%
Mexico 9,209,944 2,239 7,349 Ciudad de Mexico
75%
Ecuador 596,101 2,560 8,399 Cuenca
75%
Peru 428,450 3,399 11,152 Cusco
75%
Mexico 1,385,629 1,566 5,138 Guadalajara
75%
Mexico 849,053 1,919 6,299 Morelia
75%
Mexico 255,029 1,555 5,102 Oaxaca
75%
Bolivia 351,802 3,735 12,254 Oruro
75%
Mexico 1,692,181 2,135 7,005 Puebla
75%
Mexico 807,537 1,600 5,250 Saltillo
75%
Mexico 824,229 1,863 6,115 San Luis Potosí
75%
Mexico 1,436,818 1,819 5,971 Santiago de Queretaro
75%
Mexico 223,876 2,659 8,727 Toluca
75%
Colombia 304,314 1,551 5,089 Armenia
50%
Mexico 340,387 1,766 5,797 Celaya
50%
Bolivia 856,198 2,557 8,392 Cochabamba
50%
Peru 456,250 3,258 10,692 Huancayo
50%
Venezuela 204,879 1,630 5,348 Mérida
50%
Bolivia 267,907 4,090 13,419 Potosí
50%
Mexico 616,068 1,890 6,201 Victoria de Durango
50%
Peru 201,329 2,749 9,022 Cajamarca
25%
Mexico 452,090 1,723 5,656 Irapuato
25%
Peru 276,110 3,824 12,546 Juliaca
25%
Ecuador 203,496 2,060 6,758 Loja
25%
Colombia 434,403 2,160 7,087 Manizales
25%
Mexico 277,375 2,431 7,979 Pachuca de Soto
25%
Colombia 318,059 1,759 5,774 Popayán
25%
Bolivia 268,000 1,854 6,083 Tarija
25%
Mexico 299,523 1,620 5,315 Uruapan
25%
Colombia 392,930 2,527 8,291 San Juan de Pasto
0%
Mexico 357,621 1,599 5,249 Tehuacán
0%
No matching quizzes found
Score Distribution
Percent of People with Each Score
Percentile by Number Answered
Your Score History
You have not taken this quiz since the last reset